000 nam a22 a 4500
999 _c1965
_d1965
003 AKMAL
005 20170512154928.0
008 170512s1994 my f00 may d
040 _aAKMAL
082 0 4 _a354.595 AHM
090 0 0 _a354.595
_bAHM
110 1 _aMalaysia.
_bKetua Setiausaha Negara
_9551
245 1 0 _aPerkhidmatan awam Malaysia :
_bsatu peralihan paradigma : pembaharuan dan kemajuan dalam perkhidmatan awam Malaysia 1993 /
_claporan oleh Tan Sri Dato' Seri Ahmad Sarji bin Abdul Hamid, Ketua Setiausaha Negara, Kerajaan Malaysia
260 _a[Kuala Lumpur :
_bprinted by Percetakan Nasional Malaysia,
_c1994]
300 _axxiv, [1082]ms. :
_bil. (brp. wrn.) ;
_c24cm
500 _a"Laporan keempat dalam siri dokumentasi mengenai program-program pembaharuan dalam perkhidmatan awam" -- pendahuluan.
650 _aCivil service
_zMalaysia
_9420
650 _aAdministrative agencies
_zMalaysia
_9548
650 _aPublic administration
_zMalaysia
_9419
740 2 _aPembaharuan dan kemajuan dalam perkhidmatan awam Malaysia 1993
942 _2ddc
_cBOOK